000 00444nam a2200157 i 4500
001 50308
003 ES-MaACL
005 20230906162147.0
007 t|
008 030801s1959 sp ||||1| spa d
100 1 _aCroy, Otto.
_941753
245 1 0 _aFotografías de cerca sin secretos /
_cOtto Croy.
260 _aBarcelona :
_bOmega,
_c[1959] (
_fAgustín Núñez)
300 _a62 p. :
_bil. ;
_c16 cm.
852 _aES-MaACL
_jC-18841
_bR.46663
999 _c50308
_d50308